|
|
|
|
| LEADER |
00000cam a2200000 c 4500 |
| 001 |
158278100 |
| 003 |
DE-627 |
| 005 |
20260206194700.0 |
| 007 |
tu |
| 008 |
940828s1989 gw ||||| 00| ||ger c |
| 015 |
|
|
|a 89,A34,0157
|2 dnb
|
| 016 |
7 |
|
|a 891163492
|2 DE-101
|
| 020 |
|
|
|a 3518111752
|c : DM 20.00 (kart.)
|9 3-518-11175-2
|
| 035 |
|
|
|a (DE-627)158278100
|
| 035 |
|
|
|a (DE-603)010899251
|
| 035 |
|
|
|a (DE-576)010058044
|
| 035 |
|
|
|a (DE-599)GBV158278100
|
| 035 |
|
|
|a (OCoLC)612071719
|
| 035 |
|
|
|a (OCoLC)21991695
|
| 035 |
|
|
|a (OCoLC)310653456
|
| 035 |
|
|
|a (OCoLC)612071719
|
| 035 |
|
|
|a (DE-H357)his11144
|
| 035 |
|
|
|a (DE-Rt5)1331703
|
| 040 |
|
|
|a DE-627
|b ger
|c DE-627
|e rakwb
|
| 041 |
|
|
|a ger
|h eng
|
| 044 |
|
|
|c XA-DE
|
| 084 |
|
|
|a 11
|2 sdnb
|
| 084 |
|
|
|a CM 1000
|2 rvk
|0 (DE-625)rvk/18940:
|
| 084 |
|
|
|a CQ 1000
|2 rvk
|0 (DE-625)rvk/19003:
|
| 084 |
|
|
|a CM 2200
|2 rvk
|0 (DE-625)rvk/18943:
|
| 084 |
|
|
|a CW 8500
|2 rvk
|0 (DE-625)rvk/19209:
|
| 084 |
|
|
|a ND 9400
|2 rvk
|0 (DE-625)rvk/125181:
|
| 084 |
|
|
|a CM 1000
|2 rvk
|0 (DE-625)rvk/18940:
|
| 084 |
|
|
|a CM 2200
|2 rvk
|0 (DE-625)rvk/18943:
|
| 084 |
|
|
|a CQ 1000
|2 rvk
|0 (DE-625)rvk/19003:
|
| 084 |
|
|
|a CW 8500
|2 rvk
|0 (DE-625)rvk/19209:
|
| 084 |
|
|
|a ND 9400
|2 rvk
|0 (DE-625)rvk/125181:
|
| 084 |
|
|
|a ZX 7154
|2 rvk
|0 (DE-625)rvk/158453:14261
|
| 100 |
1 |
|
|a DeMause, Lloyd
|d 1931-2020
|0 (DE-588)118845144
|0 (DE-627)079620396
|0 (DE-576)210168099
|4 aut
|
| 109 |
|
|
|a DeMause, Lloyd 1931-2020
|
| 240 |
1 |
0 |
|a Foundations of psychohistory <dt.>
|
| 245 |
1 |
0 |
|a Grundlagen der Psychohistorie
|b psychohistorische Schriften
|c von Lloyd deMause. Hrsg. von Aurel Ende. Aus dem Amerikan. von Aurel Ende, Eva Lohner-Horn und Peter Orban
|
| 250 |
|
|
|a Erstausg., 1. Aufl.
|
| 264 |
|
1 |
|a Frankfurt am Main
|b Suhrkamp
|c 1989
|
| 300 |
|
|
|a 348 S.
|b Ill., graph. Darst.
|c 18 cm
|
| 336 |
|
|
|a Text
|b txt
|2 rdacontent
|
| 337 |
|
|
|a ohne Hilfsmittel zu benutzen
|b n
|2 rdamedia
|
| 338 |
|
|
|a Band
|b nc
|2 rdacarrier
|
| 490 |
0 |
|
|a Edition Suhrkamp
|v 1175 = N.F., 175
|
| 520 |
|
|
|a Lloyd de Mause: "Grundlagen der Psychohistorie". Psychohistorische Schriften. Hrsg. von Aurel Ende. Suhrkamp Verlag, Frankfurt/M. 1989. 349 S., kt., 20,- DM
|
| 583 |
1 |
|
|a Massenentsäuert
|c 2010
|k DE-18
|2 pdager
|5 DE-18-64
|
| 650 |
0 |
7 |
|0 (DE-588)4020517-4
|0 (DE-627)106317768
|0 (DE-576)208933697
|a Geschichte
|2 gnd
|
| 650 |
0 |
7 |
|0 (DE-588)4047689-3
|0 (DE-627)106193880
|0 (DE-576)209074361
|a Psychoanalyse
|2 gnd
|
| 650 |
|
4 |
|a Psychohistorie
|
| 650 |
|
4 |
|a DeMause, Lloyd
|
| 650 |
|
4 |
|a Persönlichkeit
|
| 655 |
|
7 |
|a Aufsatzsammlung
|0 (DE-588)4143413-4
|0 (DE-627)105605727
|0 (DE-576)209726091
|2 gnd-content
|
| 689 |
0 |
0 |
|d s
|0 (DE-588)4020517-4
|0 (DE-627)106317768
|0 (DE-576)208933697
|a Geschichte
|2 gnd
|
| 689 |
0 |
1 |
|d s
|0 (DE-588)4047689-3
|0 (DE-627)106193880
|0 (DE-576)209074361
|a Psychoanalyse
|2 gnd
|
| 689 |
0 |
|
|5 DE-101
|
| 689 |
1 |
0 |
|a z
|2 gnd
|a Geschichte
|
| 689 |
1 |
|
|5 (DE-627)
|
| 700 |
1 |
|
|a Ende, Aurel
|e Hrsg.
|4 edt
|
| 700 |
1 |
|
|a Lohner-Horn, Eva
|4 oth
|
| 700 |
1 |
|
|a Orban, Peter
|d 1944-
|0 (DE-588)115728376
|0 (DE-627)077432908
|0 (DE-576)162444249
|4 oth
|
| 700 |
1 |
2 |
|a DeMause, Lloyd
|d 1931-2020
|t Foundations of psychohistory <dt.>
|
| 856 |
4 |
2 |
|u http://d-nb.info/891163492/04
|m V:DE-605
|q application/pdf
|3 Inhaltsverzeichnis
|7 1
|
| 856 |
4 |
2 |
|u http://scans.hebis.de/HEBCGI/show.pl?01089925_toc.pdf
|m V:DE-605;X:Imageware
|q application/pdf
|3 Inhaltsverzeichnis
|7 1
|
| 889 |
|
|
|w (DE-627)052462706
|
| 889 |
|
|
|w (DE-627)027581942
|
| 935 |
|
|
|i mdedup
|
| 935 |
|
|
|i Blocktest
|
| 936 |
r |
v |
|a CM 1000
|b Allgemeine und einführende Werke
|k Psychologie
|k Allgemeines. Geschichte und Methodik
|k Allgemeine und einführende Werke
|0 (DE-627)1270708856
|0 (DE-625)rvk/18940:
|0 (DE-576)200708856
|
| 936 |
r |
v |
|a CQ 1000
|b Einführung, Grundfragen, Lehrbücher, Kompendien
|k Psychologie
|k Entwicklungspsychologie
|k Einführung, Grundfragen, Lehrbücher, Kompendien
|0 (DE-627)1271486873
|0 (DE-625)rvk/19003:
|0 (DE-576)201486873
|
| 936 |
r |
v |
|a CM 2200
|b Methodik und Wissenschaftstheorie der Psychologie
|k Psychologie
|k Allgemeines. Geschichte und Methodik
|k Methodik und Wissenschaftstheorie der Psychologie
|0 (DE-627)1271484781
|0 (DE-625)rvk/18943:
|0 (DE-576)201484781
|
| 936 |
r |
v |
|a CW 8500
|b Politische Psychologie
|k Psychologie
|k Angewandte Psychologie
|k Andere Gebiete der angewandten Psychologie
|k Politische Psychologie
|0 (DE-627)1271516926
|0 (DE-625)rvk/19209:
|0 (DE-576)201516926
|
| 936 |
r |
v |
|a ND 9400
|b Sonstiges (z.B. Beinamen der Herrscher)
|k Geschichte
|k Historische Hilfswissenschaften
|k Varia
|k Sonstiges (z.B. Beinamen der Herrscher)
|0 (DE-627)127144934X
|0 (DE-625)rvk/125181:
|0 (DE-576)20144934X
|
| 936 |
r |
v |
|a CM 1000
|b Allgemeine und einführende Werke
|k Psychologie
|k Allgemeines. Geschichte und Methodik
|k Allgemeine und einführende Werke
|0 (DE-627)1270708856
|0 (DE-625)rvk/18940:
|0 (DE-576)200708856
|
| 936 |
r |
v |
|a CM 2200
|b Methodik und Wissenschaftstheorie der Psychologie
|k Psychologie
|k Allgemeines. Geschichte und Methodik
|k Methodik und Wissenschaftstheorie der Psychologie
|0 (DE-627)1271484781
|0 (DE-625)rvk/18943:
|0 (DE-576)201484781
|
| 936 |
r |
v |
|a CQ 1000
|b Einführung, Grundfragen, Lehrbücher, Kompendien
|k Psychologie
|k Entwicklungspsychologie
|k Einführung, Grundfragen, Lehrbücher, Kompendien
|0 (DE-627)1271486873
|0 (DE-625)rvk/19003:
|0 (DE-576)201486873
|
| 936 |
r |
v |
|a CW 8500
|b Politische Psychologie
|k Psychologie
|k Angewandte Psychologie
|k Andere Gebiete der angewandten Psychologie
|k Politische Psychologie
|0 (DE-627)1271516926
|0 (DE-625)rvk/19209:
|0 (DE-576)201516926
|
| 936 |
r |
v |
|a ND 9400
|b Sonstiges (z.B. Beinamen der Herrscher)
|k Geschichte
|k Historische Hilfswissenschaften
|k Varia
|k Sonstiges (z.B. Beinamen der Herrscher)
|0 (DE-627)127144934X
|0 (DE-625)rvk/125181:
|0 (DE-576)20144934X
|
| 936 |
r |
v |
|a ZX 7154
|b Geschichte
|k Sport
|k Sportwissenschaft
|k Sportpsychologie
|k Allgemeines
|k Geschichte
|0 (DE-627)1396532994
|0 (DE-625)rvk/158453:14261
|0 (DE-576)326532994
|
| 936 |
s |
n |
|a c200
|2 mzub
|
| 936 |
s |
n |
|a n100
|2 mzub
|
| 936 |
s |
n |
|a z300
|2 mzub
|
| 951 |
|
|
|a BO
|
| ELC |
|
|
|b 1
|
| LOK |
|
|
|0 000 xxxxxcx a22 zn 4500
|
| LOK |
|
|
|0 001 3210006709
|
| LOK |
|
|
|0 003 DE-627
|
| LOK |
|
|
|0 004 158278100
|
| LOK |
|
|
|0 005 20131023145324
|
| LOK |
|
|
|0 008 131023||||||||||||||||ger|||||||
|
| LOK |
|
|
|0 040
|a DE-21-110
|c DE-627
|d DE-21-110
|
| LOK |
|
|
|0 689
|a s
|a Psychohistorie
|
| LOK |
|
|
|0 689
|a s
|a Kindstötung
|
| LOK |
|
|
|0 852
|z Kein Bestand am IfK; Nachweis für KrimDok
|
| LOK |
|
|
|0 852
|a DE-21-110
|
| LOK |
|
|
|0 852 1
|9 00
|
| LOK |
|
|
|0 935
|a k110
|
| LOK |
|
|
|0 939
|a 23-10-13
|b l01
|
| ORI |
|
|
|a SA-MARC-krimdoka001.raw
|